00646cam a22002291a 4500001001300000003000400013005001700017008004100034010001700075035002000092040002200112042001200134050002600146100002900172245004000201260007200241300002000313440002600333500001900359752002100378999001700399he 68001414 DLC20260227111458.0841029s1967 is 000 0 hebr  ahe 68001414  a(OCoLC)19193614 aDLCcMHdAzUdDLC apremarc00aPJ5054.T317bH62 19671 aTammuz, Benjamin,d1919-10aḤolot ha-zahav /cBinyamin Tamuz. a[Tel Aviv] :b[Ḳetsin ḥinukh rashi, ʻAnaf haśkalah],c[1967] a94 p. ;c15 cm. 0aSifriyat Tarmil ;v41 aShort stories. aIsraeldTel Aviv c33290d33290